Quizzes
Events
Quiz Creation
Community
Videos
Private Events
Remove Ads
Sign In
Join for FREE
Feedback
Dark Mode
Quiz Categories
Sports
Geography
Music
Movies
Television
Just For Fun
Miscellaneous
History
Literature
Language
Science
Gaming
Entertainment
Religion
Holiday
For Kids
Quiz Lab
Recent
Popular Today
Quiz Kudos Today
Editor Picks
Curator Picks
Quizzes by...
Day
Popularity
Type
Ratings
Length
Year
Community
Subscriptions
Recent Discussions
Orange Saloon
Badges
Playlists
Quests
Create
Leaderboards
Showdown
Live 5
Trivia Bingo
Activity
Puzzle Library
Sporcle Events
Private Events
Virtual Trivia
Globe League
Become a Host
Pub Owners
SporcleCon
Opinionation
Our Games
Videos
Blog
Mobile Apps
Partnerships
Remove Ads and Go Orange
Feedback
Sports
Athletes
MLB
NBA
NHL
NFL
Soccer
Sports Teams
WWE
NCAA
Football
Premier League
Basketball
Baseball
Hockey
Golf
Tennis
Cricket
Rugby
Auto Racing
Olympics
World Cup
Sports
Athletes
MLB
NBA
NHL
NFL
Soccer
Sports Teams
WWE
NCAA
Football
Premier League
Basketball
Baseball
Hockey
Golf
Tennis
Cricket
Rugby
Auto Racing
Olympics
World Cup
Random Quiz
Search Sporcle
×
Quiz Lab
Quiz Lab
Sports
Passing
Type in answers that appear in a list
Type in answers that appear in a list
Classic
Best Score? Go Orange.
Russell Wilson touchdown pass recipients Stats
Which Seahawks have caught TD passes from Russell Wilson?
By
TJX93
12m
26 Questions
235 Plays
235 Plays
235 Plays
Comments
Comments
Give Quiz Kudos
Give Quiz Kudos
-
- Ratings
hide this ad
More Info
Random Order
Randomize order of answers
Randomize order of answers
Replay
Link that replays current quiz
Next Quiz
Link to next quiz in quiz playlist
You Got
0%
They Got
Avg Score
53%
Avg Friend Score
Upgrade to see
Score Distribution
Jump to the score distribution portion of the page
Score
0/26
Timer
12:00
0
Plays Today
Hint
Answer
% Correct
WR
Doug Baldwin
95.7%
RB
Marshawn Lynch
88.1%
WR
Tyler Lockett
86.4%
TE
Jimmy Graham
86%
WR
Jermaine Kearse
78.3%
TE
Luke Willson
75.3%
RB
Thomas Rawls
66.8%
WR
Golden Tate
64.3%
WR
Sidney Rice
60%
TE
Zach Miller
60%
WR
Paul Richardson
57.4%
RB
Christine Michael
55.7%
WR
Ricardo Lockette
54.5%
Hint
Answer
% Correct
RB
Robert Turbin
50.6%
FB
Derrick Coleman
47.7%
FB
Michael Robinson
46.8%
RB
CJ Spiller
43.8%
FB
Will Tukuafu
43.4%
WR
Tanner McEvoy
40%
RB
Fred Jackson
36.6%
TE
Cooper Helfet
34.5%
TE
Anthony McCoy
28.5%
TE
Kellen Davis
27.7%
WR
Braylon Edwards
23.4%
TE
Tony Moeaki
20%
TE
Chase Coffman
14.5%
Quiz Playlist
Details
Report
Send in Message
Add To Playlist
More Info:
Data is accurate as of week 4 of the 2016 NFL season.
Classic:
Type in answers that appear in a list
Random Order:
Randomize order of answers
Last Updated: Feb 16, 2017
Quiz Scoreboard
CHALLENGE
Sign Up to Join the Scoreboard
Show All
Scores
Hide
Comments
May contain spoilers
Recently Published
Billboard Blitz: Fleetwood Mac
by CooCooCachoo
Music
15s
Presidents Visiting Landmarks
by Hejman
History
7m
An Introduction to Baseball
by treessimontrees
Sports
5m
More to Explore
Quiz From the Vault
Featured Blog Post
Where Did the Easter Bunny Come From?
hide this ad
You Might Also Like...
Tags
caught
Passing
recipient
russell
Touchdown
Wilson
Today's Top Quizzes in Sports
Browse Sports
hide this ad
Today's Top Quizzes in Passing
Browse Passing
Top Contributed Quizzes in Sports
1
Les meilleurs buteurs des matchs entre le PSG et l’OM
2
2022 World Cup Stars
3
FIFA Club World Cup Champions
4
Les entraîneurs de l'OM et du PSG au 21e siècle
5
Criteria MLB: Left Handed Sluggers
6
Name the Premier League winners with different clubs
7
5-to-1: UK Sports Teams
8
AFC Teams Reveal (Wrong Answers Minefield)
9
Players with Multiple 50 Home Run Seasons
10
5-to-1: FBS Animal Nicknames
Explore More
Trending Topics
Harry Potter
Crossword
NBA
Anime
Disney
Kpop
Marvel
WWE
Puzzle
NFL
Soccer
Country
The Office
Pokémon
Song
hide this ad
More By:
TJX93
Quiz
Plays
Rating
Category
Featured
Created
Russell Wilson touchdown pass recipients
235
Sports
Oct 4, 2016
Go to Creator's Profile
Score Distribution
Quiz Creator Spotlight
TJX93
Follow
Send a Message
Quizzes Created
-
Created Quiz Play Count
-
More By This Creator
Popular Quizzes Today
1
Find the US States - No Outlines Minefield
2
Find the Countries of Europe - No Outlines Minefield
3
The Countries of the World
4
Find the US States
5
Risky Map Clicking: Biggest States A-Z
6
US States
7
Popular People in 1961
8
Movies - When Are They Set?
More Sports Quizzes
Current Top 30 Europa League Scorers
Quiz Lab
Trending Quizzes
Risky Map Clicking: Least Populous States A-Z
1-10 Letter G Words
1-10 Letter F Words
Risky Map Clicking: Next State Alphabetically
Risky Map Clicking: Biggest States A-Z
Recently Updated
Leaping Animals
pecheneg
Reality TV Shows (A-Z)
bhenderson79
Rickey Henderson's Hall of Fame Teammates
pecheneg
Champions League XIs: Arsenal
pecheneg
Quick Pick: Celebrities in WWE's Hall of Fame
aduchscher
A-Z Keypad Blitz II
pecheneg
Multiple Oscar Actors
pecheneg
Mystery Phrase Blitz: Oscar 'Best Actors'
pecheneg
F. Scott Fitzgerald Novels
LTH
Pick 3 Villains
ddd62291
Trending Topics
Marvel
NBA
Crossword
Kpop
Harry Potter
Disney
Anime
WWE
Pokémon
The Office
Song
Soccer
NFL
Puzzle
Country
Your Account Isn't Verified!
In order to create a playlist on Sporcle, you need to verify the email address you used during registration. Go to your
Sporcle Settings
to finish the process.
Report this User
Report this user for behavior that violates our
Community Guidelines
.
Details:
Send Report
Go to the Sporcle.com Mobile Site →
Comments